| 000 | 01079nas a2200361 4500 | ||
|---|---|---|---|
| 001 | BR2011002535 | ||
| 003 | BR-BrBNA | ||
| 005 | 20231205115317.0 | ||
| 007 | ta | ||
| 008 | 230509b bl.|||p| |||| 00| 00por d | ||
| 040 |
_aBR-BrBNA _bpor _cBiblioteca Nacional de Agricultura |
||
| 041 | _a(Pt) | ||
| 072 | _aL01; L02; L51 | ||
| 100 | 1 | _aXenofonte, A.R.B. | |
| 100 | 1 | _aCarvalho, F.F.R. de | |
| 100 | 1 | _aBatista, A.M.V. | |
| 100 | 1 | _aMedeiros, G.R. de | |
| 100 | 1 | _aAndrade, R. de P.X. | |
| 245 | 1 | _aDesempenho e digestibilidade de nutrientes em ovinos alimentados com rações contendo farelo de babaçu | |
| 650 | _aZOOTECNIA | ||
| 650 | _aNUTRIÇÃO ANIMAL | ||
| 650 | _aOVINO | ||
| 650 | _aPRODUÇÃO DE CARNE | ||
| 650 | _aDIETA | ||
| 650 | _aRAÇÃO | ||
| 650 | _aFARELO | ||
| 650 | _aBABACU | ||
| 650 | _aDIGESTIBILIDADE | ||
| 650 | _aGANHO DE PESO | ||
| 773 | 0 |
_tRevista Brasileira de Zootecnia (Brazil) _xISSN 1516-3598 _g(Nov 2008), v. 37(11) p. 2063-2068 _wBR2011002535 |
|
| 909 |
_a202311 _bLúcia _c55 _dLúcia Elande |
||
| 942 |
_2AGRIS _n0 _cANA |
||
| 999 |
_c213153 _d213153 |
||